Các chuẩn mực kế toán quốc tế (Tài liệu hướng dẫn thực hành) = International accounting standards (A practical guide) /

Zapisane w:
Opis bibliograficzny
1. autor: Greuning, Hennie van
Format: Książka
Język:Vietnamese
Wydane: Chính trị quốc gia 2000
Etykiety: Dodaj etykietę
Nie ma etykietki, Dołącz pierwszą etykiete!
Thư viện lưu trữ: Mạng thư viện Đại học Đà Nẵng
LEADER 00759nam a2200265 4500
001 000027401
003 GR-HI
005 20150403120000.0
008 150403s vm 000 vie
020 |c 0,0000 
040 |a notts 
100 |a Greuning, Hennie van 
245 |a Các chuẩn mực kế toán quốc tế (Tài liệu hướng dẫn thực hành) = International accounting standards (A practical guide) /  |c Hennie van Greuning, Marius Koen. 
260 |b Chính trị quốc gia  |c 2000 
OWN |a LTT 
999 |a From the UDN01 
TYP |a Monograph 
TYP |a Printed language 
980 |a Mạng thư viện Đại học Đà Nẵng